MyGZULibrary

What's in a name? : (Record no. 5641)

MARC details
000 -LEADER
fixed length control field 00848cam a2200277 a 4500
001 - CONTROL NUMBER
control field 1441041
003 - CONTROL NUMBER IDENTIFIER
control field GZU
005 - DATE AND TIME OF LATEST TRANSACTION
control field 20210412122154.0
008 - FIXED-LENGTH DATA ELEMENTS--GENERAL INFORMATION
fixed length control field 850320s1983 rh b 001 0 eng
010 ## - LIBRARY OF CONGRESS CONTROL NUMBER
LC control number 84981054
020 ## - INTERNATIONAL STANDARD BOOK NUMBER
International Standard Book Number 0869222473
040 ## - CATALOGING SOURCE
Original cataloging agency DLC
Transcribing agency DLC
Modifying agency DLC
043 ## - GEOGRAPHIC AREA CODE
Geographic area code f-rh---
050 00 - LIBRARY OF CONGRESS CALL NUMBER
Classification number PL8681
Item number .P66 1983
100 1# - MAIN ENTRY--PERSONAL NAME
Personal name Pongweni, Alec J. C.
245 10 - TITLE STATEMENT
Title What's in a name? :
Remainder of title a study of Shona nomenclature /
Statement of responsibility, etc. Alec J.C. Pongweni.
260 ## - PUBLICATION, DISTRIBUTION, ETC.
Place of publication, distribution, etc. Gweru [Zimbabwe] :
Name of publisher, distributor, etc. Mambo Press,
Date of publication, distribution, etc. 1983.
300 ## - PHYSICAL DESCRIPTION
Extent 98 p. ;
Dimensions 22 cm.
500 ## - GENERAL NOTE
General note Includes index.
504 ## - BIBLIOGRAPHY, ETC. NOTE
Bibliography, etc. note Bibliography: p. 94.
650 #0 - SUBJECT ADDED ENTRY--TOPICAL TERM
Topical term or geographic name entry element Names, Shona.
650 #0 - SUBJECT ADDED ENTRY--TOPICAL TERM
Topical term or geographic name entry element Shona (African people)
General subdivision Social life and customs.
650 #0 - SUBJECT ADDED ENTRY--TOPICAL TERM
Topical term or geographic name entry element Shona language
General subdivision Etymology
-- Names.
906 ## - LOCAL DATA ELEMENT F, LDF (RLIN)
a 7
b cbc
c orignew
d 3
e ncip
f 19
g y-gencatlg
942 ## - ADDED ENTRY ELEMENTS (KOHA)
Source of classification or shelving scheme Library of Congress Classification
Koha item type Books
Classification part 8681.9
Item part PON
Call number prefix PL
Call number suffix 1993
Holdings
Withdrawn status Lost status Damaged status Not for loan Collection code Home library Current library Shelving location Date acquired Total Checkouts Full call number Barcode Date last seen Date last checked out Copy number Price effective from Koha item type
        Non-fiction City Campus Library City Campus Library General Stacks 04/12/2021 1 PL8681.9 PON 1983 G21655 03/25/2022 03/11/2022 c.1 04/12/2021 Books